000 00428nam a2200145Ia 4500
008 100122s9999 xx 000 0 und d
082 _b54004
_a920
100 _aबेलसरे केशव वि
245 _aआनंदसाधना
260 _bत्रिदल प्रकाशन
_c1996
300 _a207
630 _aआनंदसाधना
730 _aआनंदसाधना
942 _cBOOK
999 _c430912
_d430909